Húsvéti hagyományok, szokások, ünnepek a vendéglátásban a vendég és a menedzsment szemszögéből

Bibliográfiai részletek
Szerző: Tóth Gergely
További közreműködők: Gancsovné Rossi Krisztina
Dokumentumtípus: Záródolgozat
Kulcsszavak:Húsvét
Hagyományőrzés
Gasztronómia, húsvéti
Programajánlat, húsvéti
Turizmus, Húsvét
Felmérés, kérdőíves
Online Access:http://dolgozattar.uni-bge.hu/59405

MARC

LEADER 00000nta a2200000 i 4500
001 dolg59405
005 20260114154301.0
008 260114suuuu hu o 000 hun d
040 |a BGE Dolgozattár Repozitórium  |b hun 
041 |a hu 
100 1 |a Tóth Gergely 
245 1 0 |a Húsvéti hagyományok, szokások, ünnepek a vendéglátásban a vendég és a menedzsment szemszögéből  |c Tóth Gergely  |h [elektronikus dokumentum] 
516 |a Final_paper 
695 |a Húsvét 
695 |a Hagyományőrzés 
695 |a Gasztronómia, húsvéti 
695 |a Programajánlat, húsvéti 
695 |a Turizmus, Húsvét 
695 |a Felmérés, kérdőíves 
700 1 |a Gancsovné Rossi Krisztina  |e ths 
856 4 0 |u http://dolgozattar.uni-bge.hu/59405/1/Toth-Gergely.pdf  |z Dokumentum-elérés